banner koha

Colonization of rice and Spodoptera frugiperda J.E. Smith (Lepidoptera: Noctuidae)larvae by genetically modified endophytic Methylobacterium mesophilicum (Registro n. 221182)

MARC details
000 -LÍDER
campo de controle de tamanho fixo 01307nas a2200385 4500
001 - NÚMERO DE CONTROLE
campo de controle BR2012005971
003 - IDENTIFICADOR DO NÚMERO DE CONTROLE
campo de controle BR-BrBNA
005 - DATA E HORÁRIO DA ÚLTIMA TRANSAÇÃO
campo de controle 20231205120946.0
007 - CAMPO FIXO DE DESCRIÇÃO FÍSICA--INFORMAÇÃO GERAL
campo de controle de tamanho fixo ta
008 - CAMPO DE DADOS FIXOS--INFORMAÇÃO GERAL
campo de controle de tamanho fixo 230509b bl.|||p| |||| 00| 00por d
040 ## - FONTE DA CATALOGAÇÃO
Instituição da catalogação original BR-BrBNA
Idioma da catalogação por
Instituição que transcreveu o registro Biblioteca Nacional de Agricultura
041 ## - CÓDIGO DE IDIOMA
Código do idioma do texto/trilha sonora ou título diferente (En)
072 ## - CÓDIGO DE CATEGORIA DE ASSUNTO
Código de Categoria de Assunto H10
100 1# - ENTRADA PRINCIPAL--NOME PESSOAL
Nome pessoal Rampelotti-Ferreira, F.T.
100 1# - ENTRADA PRINCIPAL--NOME PESSOAL
Nome pessoal Ferreira, A.
100 1# - ENTRADA PRINCIPAL--NOME PESSOAL
Nome pessoal Vendramim, J.D.
100 1# - ENTRADA PRINCIPAL--NOME PESSOAL
Nome pessoal Lacava, P.T.
100 1# - ENTRADA PRINCIPAL--NOME PESSOAL
Nome pessoal Azevedo, J.L.
100 1# - ENTRADA PRINCIPAL--NOME PESSOAL
Nome pessoal Araújo, W.L.
245 1# - TÍTULO
Título Colonization of rice and Spodoptera frugiperda J.E. Smith (Lepidoptera: Noctuidae)larvae by genetically modified endophytic Methylobacterium mesophilicum
246 1# - FORMA VARIANTE DO TÍTULO
Título/título abreviado Colonization of rice and Spodoptera frugiperda J.E. Smith (Lepidoptera: Noctuidae)larvae by genetically modified endophytic Methylobacterium mesophilicum
650 ## - ASSUNTO--TERMO TÓPICO
Cabeçalho tópico ou nome geográfico INSETO
650 ## - ASSUNTO--TERMO TÓPICO
Cabeçalho tópico ou nome geográfico PRAGA DE PLANTA
650 ## - ASSUNTO--TERMO TÓPICO
Cabeçalho tópico ou nome geográfico LEPIDOPTERO
650 ## - ASSUNTO--TERMO TÓPICO
Cabeçalho tópico ou nome geográfico LAGARTA
650 ## - ASSUNTO--TERMO TÓPICO
Cabeçalho tópico ou nome geográfico SPODOPTERA FRUGIPERDA
650 ## - ASSUNTO--TERMO TÓPICO
Cabeçalho tópico ou nome geográfico ARROZ
650 ## - ASSUNTO--TERMO TÓPICO
Cabeçalho tópico ou nome geográfico ORYZA SATIVA
650 ## - ASSUNTO--TERMO TÓPICO
Cabeçalho tópico ou nome geográfico LARVA
650 ## - ASSUNTO--TERMO TÓPICO
Cabeçalho tópico ou nome geográfico CONTROLE BIOLÓGICO
650 ## - ASSUNTO--TERMO TÓPICO
Cabeçalho tópico ou nome geográfico BACTÉRIA
773 0# - ENTRADA ANALÍTICA
Título Neotropical Entomology (Brazil)
ISSN - International Standard Serial Number ISSN 1519-566X
Partes relacionadas (Mar-Apr 2010), v. 39(2) p. 308-310
Número de controle do registro BR2012005971
909 ## -
-- 202311
-- Lúcia
-- 55
-- Lúcia Elande
942 ## - ELEMENTOS DE ENTRADA ADICIONADOS (KOHA)
Fonte da classificação ou esquema de arquivamento na estante Classificação AGRIS
Ocultar no OPAC Não
Tipo de material Koha Analítica
Exemplares
Situação do descarte Fonte da classificação ou esquema de arquivamento na estante Situação física Não pode ser emprestado Biblioteca de origem Biblioteca atual Localização na estante Enumeração do periódico / cronologia Total de empréstimos Data de último acesso Número do exemplar Tipo de material Koha Fonte de aquisição
  Classificação AGRIS   Consulta local Biblioteca Nacional de Agricultura - Binagri Biblioteca Nacional de Agricultura - Binagri   (Mar-Apr 2010), v. 39(2) p. 308-310   29/11/2023 01 Periódicos Portaria Interministerial nº 164/94

BINAGRI

Telefone: (61)3218-2567/2388/3357/2097 - binagri@agro.gov.br

Ministério da Agricultura e Pecuária , Esplanada dos Ministérios, Bloco D, Anexo B, Brasília/DF, CEP: 70.043-900